000 00505cam a2200169 4500500
005 20260329002544.0
041 _afre
042 _adc
100 1 0 _aMoreau, Denis
_eauthor
245 0 0 _aLe chemin à suivre
260 _c2012.
500 _a100
690 _aDescartes
690 _aSens de la vie
786 0 _nPhilosophie magazine | 65 | 12 | 2012-12-01 | p. 39-40 | 1951-1787
856 4 1 _uhttps://shs.cairn.info/magazine-philosophie-magazine-2012-12-page-39?lang=fr&redirect-ssocas=7080
999 _c1816141
_d1816141